LEADER 03842nam 2200469 450 001 9910136800103321 005 20210616184955.0 035 $a(CKB)3710000000631121 035 $a(EXLCZ)993710000000631121 100 $a20160411h20152015 fy| 0 101 0 $aeng 135 $aur||#---||||| 181 $ctxt$2rdacontent 182 $cc$2rdamedia 183 $acr$2rdacarrier 200 00$aBridging the gap before and after birth $emethods and technologies to explore the functional neural development in humans /$fedited by Marika Berchicci and Silvia Comani 210 1$a[Lausanne, Switzerland] :$cFrontiers Media SA,$d[2015] 210 4$d©2015 215 $a1 online resource (114 pages) $cillustrations; digital, PDF file(s) 225 0 $aFrontiers Journal series 225 1 $aFrontiers Research Topics,$x1664-8714 300 $a"Published in: Frontiers in molecular neuroscience" --front cover. 311 08$aPrint version: Bridging the gap before and after birth : methods and technologies to explore the functional neural development in humans. Lausanne, Switzerland : Frontiers Media SA, 2015 9782889196876 2889196879 330 3 $aEarly human development from late gestation to the neonatal period is a critical time in the individual?s life span. Medical issues that compromise the brain functions during late gestation and the first months of life could lead to different developmental problems with consequent lifelong burdens for the growing individuals and their families, and a major socio-economic impact for the health care system and the whole of society. Any potential alleviation of perinatal adversities holds promise of an improved quality of life for the individual, and a major benefit for the society at large. It remains a concerted worldwide effort to improve our understanding on effective monitoring systems and clinical diagnostic procedures to reduce fetal impairment and improve healthcare in the neonatal and infant period. The focus of this Research Topic will be on the most recent developments and findings in the field of non-invasive functional brain monitoring in order to: 1) increase our knowledge on novel diagnostic tools and procedures for the surveillance of fetuses and newborn babies, 2) help us to perform high quality functional assessment of the developing human brain during pregnancy and after birth, 3) understand and diagnose pathological developments with a potentially high clinical and societal impact, 4) understand how to improve perinatal and infant care. Potential topics include, but are not restricted to: 1) non-invasive electrophysiological monitoring technologies for brain function in the fetus, neonate and infant, such as electroencephalography (EEG), magnetoencephalography (MEG), functional magnetic resonance imaging (fMRI) and near infra-red spectroscopy (NIRS), 2) novel or consolidated analytical methods and models for the quantification and interpretation of the functional signals recorded from the developing brain, 3) typical and atypical brain development during pregnancy and the first years of life, 4) personalized clinical diagnostic procedures for perinatal and paediatric surveillance. 410 0$aFrontiers Research Topics,$x1664-8714. 606 $aFetus$xDevelopment 606 $aNewborn infants$xDevelopment 606 $aNeurosciences$xResearch 606 $aBrain$xImaging 606 $aBrain$xembryology 615 0$aFetus$xDevelopment. 615 0$aNewborn infants$xDevelopment. 615 0$aNeurosciences$xResearch. 615 0$aBrain$xImaging. 615 2$aBrain$xembryology. 702 $aBerchicci$b Marika 702 $aComani$b Silvia 801 2$bUkMaJRU 906 $aBOOK 912 $a9910136800103321 996 $aBridging the gap before and after birth$92076576 997 $aUNINA LEADER 00909nam a2200265 i 4500 001 991000374869707536 005 20020506125753.0 008 000908s1963 it ||| | ita 035 $ab10691169-39ule_inst 035 $aEXGIL144454$9ExL 040 $aBiblioteca Interfacoltà$bita 082 0 $a155.5 100 1 $aLacroix, Jean$053449 245 10$aTimidezza e adolescenza /$cJean Lacroix ; traduzione di Agostino Bozzo 260 $aTorino :$bSEI,$c1963 300 $aXIV, 156 p. 490 0 $aPsicologia e vita ;$v3 650 4$aAdolescenti$xPsicologia 700 1 $aBozzo, Agostino 907 $a.b10691169$b23-02-17$c28-06-02 912 $a991000374869707536 945 $aLE002 Ps. II M 3$g1$i2002000557599$lle002$o-$pE0.00$q-$rl$s- $t0$u0$v0$w0$x0$y.i10785292$z28-06-02 996 $aTimidezza e adolescenza$9600277 997 $aUNISALENTO 998 $ale002$b01-01-00$cm$da $e-$fita$git $h0$i1 LEADER 02374oas 2200937 a 450 001 9910144192003321 005 20250922213015.0 011 $a1555-614X 035 $a(DE-599)ZDB2247059-1 035 $a(OCoLC)606561127 035 $a(CONSER) 2020204566 035 $a(CKB)1000000000221612 035 $a(EXLCZ)991000000000221612 100 $a20100411a20009999 uy 101 0 $aeng 135 $aurbn||||||abp 135 $aurbn||||||ada 181 $ctxt$2rdacontent 182 $cc$2rdamedia 183 $acr$2rdacarrier 200 10$aPolymer science$hSeries C 210 $aMoscow $cMAIK Nauka/Interperiodica Pub.$d2000- 210 3 $aBerlin$cSpringer Nature 215 $a1 online resource 215 $avolumes $cillustrations ;$d28 cm 300 $aRefereed/Peer-reviewed 311 08$a1811-2382 606 $aPolymers$vPeriodicals 606 $aPolymerization$vPeriodicals 606 $aPolyme?res$vPe?riodiques 606 $aPolyme?risation$vPe?riodiques 606 $aPolymerization$2fast$3(OCoLC)fst01070576 606 $aPolymers$2fast$3(OCoLC)fst01070588 606 $aChemistry$2galestne 606 $aOrganic chemistry$2galestne 606 $aPolímers$2thub 606 $aPolimerització$2thub 608 $aPeriodicals.$2fast 608 $aPeriodicals.$2lcgft 608 $aRevistes electròniques.$2thub 615 0$aPolymers 615 0$aPolymerization 615 6$aPolyme?res 615 6$aPolyme?risation 615 7$aPolymerization. 615 7$aPolymers. 615 7$aChemistry. 615 7$aOrganic chemistry. 615 7$aPolímers. 615 7$aPolimerització. 676 $a547.7 712 02$aRossii?skai?a? akademii?a? nauk, 801 0$bOCLCE 801 1$bOCLCE 801 2$bOCLCQ 801 2$bOCLCF 801 2$bOCLCO 801 2$bOCLCQ 801 2$bJNA 801 2$bOCLCS 801 2$bVPI 801 2$bCCT 801 2$bOCLCO 801 2$bOCLCQ 801 2$bZ5A 801 2$bVT2 801 2$bOCLCA 801 2$bAU@ 801 2$bOCLCQ 801 2$bWURST 801 2$bDLC 801 2$bUBY 801 2$bOCLCQ 801 2$bUAB 801 2$bU3W 801 2$bSXB 801 2$bOCLCL 906 $aJOURNAL 912 $a9910144192003321 996 $aPolymer science$9122018 997 $aUNINA LEADER 03744oas 22012973a 450 001 9910140772703321 005 20260218110041.0 011 $a1938-1557 035 $a(DE-599)ZDB2018055-X 035 $a(OCoLC)39035626 035 $a(CONSER) 2008213514 035 $a(CKB)954925246077 035 $a(DE-599)2018055-X 035 $a(EXLCZ)99954925246077 100 $a19980429a19849999 sy a 101 0 $aeng 135 $aurmnu|||||||| 181 $ctxt$2rdacontent 182 $cc$2rdamedia 183 $acr$2rdacarrier 200 00$aIssues in science and technology 210 $aDallas, TX $cIssues in Science and Technology 215 $a1 online resource (volumes) 300 $aRefereed/Peer-reviewed 311 08$a0748-5492 517 1 $aIssues in science & technology 517 1 $aIssues in science and technology Online 606 $aScience and state$vPeriodicals 606 $aTechnology and state$vPeriodicals 606 $aScience and state$zUnited States$vPeriodicals 606 $aTechnology and state$zUnited States$vPeriodicals 606 $aEngineering$3(DNLM)D004738 606 $aPublic Policy$3(DNLM)D011640 606 $aScience$3(DNLM)D012586 606 $aTechnology$3(DNLM)D013672 606 $aPolitique scientifique et technique$3(CaQQLa)201-0009888$vPe?riodiques$3(CaQQLa)201-0378307 606 $aPolitique scientifique et technique$3(CaQQLa)201-0009888$zE?tats-Unis$3(CaQQLa)201-0407727$vPe?riodiques$3(CaQQLa)201-0378307 606 $aInge?nierie$3(CaQQLa)201-0003251 606 $aSciences$3(CaQQLa)201-0016777 606 $aTechnologie$3(CaQQLa)201-0017702 606 $aengineering$2aat$3(CStmoGRI)aat300054474 606 $asciences (philosophy)$2aat$3(CStmoGRI)aat300410289 606 $aScience and state$2fast$3(OCoLC)fst01108536 606 $aTechnology and state$2fast$3(OCoLC)fst01145265 607 $aUnited States$2fast$1https://id.oclc.org/worldcat/entity/E39PBJtxgQXMWqmjMjjwXRHgrq 608 $aPeriodicals.$2fast 608 $aPeriodicals.$2lcgft 615 0$aScience and state 615 0$aTechnology and state 615 0$aScience and state 615 0$aTechnology and state 615 2$aEngineering. 615 2$aPublic Policy. 615 2$aScience. 615 2$aTechnology. 615 6$aPolitique scientifique et technique 615 6$aPolitique scientifique et technique 615 6$aInge?nierie. 615 6$aSciences. 615 6$aTechnologie. 615 7$aengineering. 615 7$asciences (philosophy) 615 7$aScience and state. 615 7$aTechnology and state. 676 $a338 712 02$aNational Academy of Sciences (U.S.) 712 02$aNational Academy of Engineering 712 02$aInstitute of Medicine (U.S.) 801 0$bFGA 801 1$bFGA 801 2$bOCL 801 2$bRCE 801 2$bOCL 801 2$bOCLCQ 801 2$bNSD 801 2$bCIT 801 2$bLGG 801 2$bOCLCQ 801 2$bOCLCO 801 2$bOCLCQ 801 2$bOCLCF 801 2$bOCLCA 801 2$bVT2 801 2$bOCLCO 801 2$bOCLCQ 801 2$bUUM 801 2$bOCLCQ 801 2$bIOY 801 2$bCUS 801 2$bOCLCE 801 2$bCUD 801 2$bCO3 801 2$bJSTOR 801 2$bNZAUC 801 2$bICV 801 2$bWY@ 801 2$bBUF 801 2$bAU@ 801 2$bAUD 801 2$bWURST 801 2$bUKUAL 801 2$bCASUM 801 2$bERD 801 2$bLUU 801 2$bQGK 801 2$bOCLCL 801 2$bOCLCQ 906 $aJOURNAL 912 $a9910140772703321 996 $aIssues in science and technology$91964052 997 $aUNINA